| 000 | 01674nam a2200349 a 4500 | ||
|---|---|---|---|
| 001 | ebr10626267 | ||
| 003 | CaPaEBR | ||
| 006 | m u | ||
| 007 | cr cn||||||||| | ||
| 008 | 111130s2012 iauaf sb 001 0 eng d | ||
| 010 | _z 2011048258 | ||
| 020 | _z9780813811420 (hardback : alk. paper) | ||
| 020 | _z9781118324103 (e-book) | ||
| 040 |
_aCaPaEBR _cCaPaEBR |
||
| 035 | _a(OCoLC)818727329 | ||
| 050 | 1 | 4 |
_aTP440 _b.T76 2012eb |
| 082 | 0 | 4 |
_a664/.8046 _223 |
| 245 | 0 | 0 |
_aTropical and subtropical fruits _h[electronic resource] : _b: postharvest physiology, processing and packaging / _ceditor, Muhammad Siddiq ; associate editors, Jasmim Ahmed, Maria Gloria Lobo, Ferhan Ozdali. |
| 260 |
_aAmes, Iowa : _bWiley-Blackwell, _c2012. |
||
| 300 |
_axiii, 631 p., [16] p. of plates : _bill. (some col.) |
||
| 504 | _aIncludes bibliographical references and index. | ||
| 505 | 0 | _apt. 1. Overview, innovative technologies and quality management -- pt. 2. Tropical fruits -- pt. 3. Subtropical fruits-citrus group -- pt. 4. Subtropical fruits-noncitrus group -- pt. 5. Lesser known tropical and subtropical fruits. | |
| 533 |
_aElectronic reproduction. _bPalo Alto, Calif. : _cebrary, _d2011. _nAvailable via World Wide Web. _nAccess may be limited to ebrary affiliated libraries. |
||
| 650 | 0 |
_aTropical fruit _xProcessing. |
|
| 655 | 7 |
_aElectronic books. _2local |
|
| 700 | 1 |
_aSiddiq, Muhammad, _d1957- |
|
| 700 | 1 | _aAhmed, Jasim. | |
| 700 | 1 | _aLobo, Maria Gloria. | |
| 700 | 1 | _aOzadali, Ferhan. | |
| 710 | 2 | _aebrary, Inc. | |
| 856 | 4 | 0 |
_uhttp://site.ebrary.com/lib/rucke/Doc?id=10626267 _zAn electronic book accessible through the World Wide Web; click to view |
| 999 |
_c67568 _d67568 |
||